Countries that were Communist - Statistics

General Stats
  • This quiz has been taken 409 times
    351 since last reset
  • The average score is 36 of 46
Answer Stats
Answer % Correct
Russia
97%
China
95%
Estonia
91%
Latvia
91%
Lithuania
91%
Vietnam
91%
Romania
89%
Serbia
89%
Ukraine
89%
Belarus
88%
North Korea
88%
Poland
88%
Slovenia
88%
Bulgaria
87%
Croatia
86%
Hungary
86%
Kazakhstan
86%
Slovakia
86%
Turkmenistan
86%
Cuba
85%
Tajikistan
85%
Uzbekistan
85%
Armenia
84%
Georgia
84%
Laos
84%
Azerbaijan
83%
Bosnia
83%
Kyrgyzstan
83%
Moldova
83%
Albania
82%
Macedonia
81%
Montenegro
81%
Kosovo
80%
Cambodia
79%
Germany
79%
Czech Republic
78%
Mongolia
76%
Afghanistan
72%
Angola
59%
Ethiopia
55%
Republic of the Congo
52%
Mozambique
51%
Somalia
51%
Eritrea
41%
Yemen
38%
Benin
35%
No matching quizzes found
Score Distribution
Percent of People with Each Score
Percentile by Number Answered
Your Score History
You have not taken this quiz since the last reset